000 00703nam a2200265Ia 4500
008 190123s9999 xx 000 0 und d
020 _a9780545620253
050 _bR221 2008
100 _aRappaport, Doreen
245 0 _aAbe's honest words :
245 4 _bthe life of Abraham Lincoln /
245 0 _cby Doreen Rappaport ; illustrated by Kadir Nelson.
260 _aNew York, New York :
260 _bScholastic,
260 _c2008
300 _aunpaged :
300 _bcolored illustrations ;
300 _c25cm.
500 _a820L
650 _aLincoln, Abraham, 1809-1865.
650 _aPresidents.
650 _aUnited States.
700 _aNelson, Kadir.
700 _aTitle.
999 _c361106
_d361106